Подробности
| 000 -МАРКЕР |
| контрольное поле |
01576nam0a2200361 4500 |
| 001 - ИДЕНТИФИКАТОР ЗАПИСИ |
| контрольное поле |
RU\NLR\bibl\1691131 |
| 005 - ИДЕНТИФИКАТОР ВЕРСИИ |
| контрольное поле |
20250616054541.0 |
| 010 ## - МЕЖДУНАРОДНЫЙ СТАНДАРТНЫЙ НОМЕР КНИГИ (ISBN) |
| Номер (ISBN) |
978-5-699-40230-4 |
| Тираж |
2500 |
| 021 ## - НОМЕР ГОСУДАРСТВЕННОЙ РЕГИСТРАЦИИ |
| Код страны |
Российская Федерация |
| Номер |
2010-19108 |
| Номер Листа государственной регистраци |
481д/2010 |
| 035 ## - ДРУГИЕ СИСТЕМНЫЕ НОМЕРА |
| Идентификатор записи |
(NLR Aleph) 001682247 |
| 100 ## - ДАННЫЕ ОБЩЕЙ ОБРАБОТКИ |
| Данные общей обработки |
20101027d2010 |||y0rusy50 ca |
| 101 0# - ЯЗЫК РЕСУРСА |
| Язык текста, звукозаписи и т.д. |
русский |
| 102 ## - СТРАНА ПУБЛИКАЦИИ ИЛИ ПРОИЗВОДСТВА |
| Страна публикации |
Российская Федерация |
| 105 ## - ПОЛЕ КОДИРОВАННЫХ ДАННЫХ: ТЕКСТОВЫЕ МАТЕРИАЛЫ, МОНОГРАФИЧЕСКИЕ |
| Кодированные данные о монографическом текстовом документе |
a ||||||||| |
| 200 1# - ЗАГЛАВИЕ И СВЕДЕНИЯ ОБ ОТВЕТСТВЕННОСТИ |
| Основное заглавие |
Трофейные танки Красной Армии |
| Первые сведения об ответственности |
Максим Коломиец |
| 210 ## - ПУБЛИКАЦИЯ, РАСПРОСТРАНЕНИЕ И ДР. |
| Место издания, распространения и т.д. |
Москва |
| Имя издателя, распространителя и т. д. |
Яуза [и др.] |
| Дата издания, распространения и т.д. |
2010 |
| 215 ## - ФИЗИЧЕСКАЯ ХАРАКТЕРИСТИКА |
| Специфическое обозначение материала и объем |
109, [1] с. |
| Другие сведения о физической характеристике |
ил. |
| Размеры |
27 |
| 225 1# - СЕРИЯ |
| Основное заглавие серии |
Война и мы |
| Наименование части |
Танковая коллекция |
| 320 ## - ПРИМЕЧАНИЯ О НАЛИЧИИ В ДОКУМЕНТЕ БИБЛИОГРАФИИ / УКАЗАТЕЛЯ |
| Текст примечания |
Библиогр. в конце кн. |
| 606 1# - НАИМЕНОВАНИЕ ТЕМЫ КАК ПРЕДМЕТ |
| Наименование темы |
Великая Отечественная война |
| Тематический подзаголовок |
Трофеи, захваченные советскими войсками |
| Хронологический подзаголовок |
1941 - 1945 |
| Системный номер авторитетной/нормативной записи |
2237835 |
| Идентификатор авторитетной/нормативной записи |
RU\NLR\auth\661342942 |
| 606 1# - НАИМЕНОВАНИЕ ТЕМЫ КАК ПРЕДМЕТ |
| Наименование темы |
Великая Отечественная война |
| Тематический подзаголовок |
Танковые операции |
| Хронологический подзаголовок |
1941 - 1945 |
| Системный номер авторитетной/нормативной записи |
2086662 |
| Идентификатор авторитетной/нормативной записи |
RU\NLR\auth\661262806 |
| 606 1# - НАИМЕНОВАНИЕ ТЕМЫ КАК ПРЕДМЕТ |
| Наименование темы |
Бронетанковая техника трофейная |
| Тематический подзаголовок |
Боевое применение |
| Географический подзаголовок |
СССР |
| Хронологический подзаголовок |
1941 - 1945 |
| Системный номер авторитетной/нормативной записи |
2607522 |
| Идентификатор авторитетной/нормативной записи |
RU\NLR\auth\661544080 |
| 686 ## - ИНДЕКСЫ ДРУГИХ КЛАССИФИКАЦИЙ |
| Индекс |
Ц35(2)722-83,1 |
| Книжный номер |
531.1 |
| 686 ## - ИНДЕКСЫ ДРУГИХ КЛАССИФИКАЦИЙ |
| Индекс |
Ц531.11-91 |
| 686 ## - ИНДЕКСЫ ДРУГИХ КЛАССИФИКАЦИЙ |
| Индекс |
Ц35(2)722-53 |
| 700 #1 - ИМЯ ЛИЦА - ПЕРВИЧНАЯ ОТВЕТСТВЕННОСТЬ |
| Код отношения |
Автор |
| Начальный элемент ввода |
Коломиец |
| Часть имени, кроме начального элемента ввода |
М. В. |
| Даты |
1968- |
| Расширение инициалов личного имени |
Максим Викторович |
| Системный номер авторитетной/нормативной записи |
133652 |
| Идентификатор авторитетной/нормативной записи |
RU\NLR\AUTH\770133686 |
| 801 #0 - ИСТОЧНИК ЗАПИСИ |
| Страна |
Российская Федерация |
| Организация |
NLR |
| Дата составления |
20101027 |
| Правила каталогизации |
RCR |
| 801 #1 - ИСТОЧНИК ЗАПИСИ |
| Страна |
Российская Федерация |
| Организация |
NLR |
| Дата составления |
20101027 |
| 942 ## - ДОПОЛНИТЕЛЬНЫЕ ЭЛЕМЕНТЫ ЗАПИСИ (АБИС) |
| Тип экземпляра АБИС |
Книга |
| 980 ## - КОЛЛЕКЦИЯ |
| Название коллекции |
Национальная библиография |